000 00331nam a2200133 i 4500
001 bg
100 1 _aKWIATKOWSKI, A.
245 0 _aTechnologia chemiczna ogólna i organiczna.
_nCz.1 /
_cA. Kwiatkowski.
260 _aGdańsk,
_c1982.
040 _cBPK
041 _apol
942 _cKS
008 s pl f |000 0 pol
999 _c21733
_d21733
856 _uhttp://koha.tu.koszalin.pl/cgi-bin/koha/opac-detail.pl?biblionumber=21733
_yKatalog online BPK